[Event "Tradewise Gibraltar"]
[Site "Catalan Bay GIB"]
[Date "2012.01.30"]
[EventDate "2012.01.24"]
[Round "7.15"]
[Result "1/2-1/2"]
[White "Meelis Kanep"]
[Black "Maxime Vachier-Lagrave"]
[WhiteElo "2509"]
[BlackElo "2699"]
[PlyCount "69"]

1. d4 Nf6 2. c4 g6 3. Nc3 d5 4. cxd5 Nxd5 5. e4 Nxc3 6. bxc3
Bg7 7. Bc4 c5 8. Ne2 Nc6 9. Be3 O-O 10. O-O Bd7 11. Rb1 Qc7
12. Qd2 Rad8 13. Bf4 Qc8 14. d5 Ne5 15. Bb3 b5 16. Bh6 Bxh6
17. Qxh6 b4 18. Qg5 Qc7 19. Qg3 a5 20. f4 Bb5 21. Qe3 Ng4
22. Qf3 Bxe2 23. Qxe2 c4 24. Ba4 Qc5+ 25. Kh1 f5 26. Rbc1 Rb8
27. exf5 gxf5 28. cxb4 Rxb4 29. Bd7 Kh8 30. Bxf5 Rxf5 31. Qxg4
Rxd5 32. Rf3 Rb6 33. f5 Rd4 34. Qh5 Qc8 35. Re3 1/2-1/2

[Event "Tradewise Gibraltar"]
[Site "Catalan Bay GIB"]
[Date "2012.01.31"]
[EventDate "2012.01.24"]
[Round "8.16"]
[Result "1-0"]
[White "Maxime Vachier-Lagrave"]
[Black "Adam Hunt"]
[WhiteElo "2699"]
[BlackElo "2462"]
[PlyCount "101"]

1. c4 e5 2. g3 Nf6 3. Bg2 Nc6 4. Nc3 Bc5 5. e3 d5 6. cxd5 Nb4
7. d3 Nfxd5 8. Nxd5 Nxd5 9. Nf3 Bb4+ 10. Bd2 Bxd2+ 11. Qxd2
Qd6 12. O-O O-O 13. d4 e4 14. Ne5 f5 15. Rfc1 Be6 16. Rc5 Nf6
17. Rac1 c6 18. b4 Nd7 19. Nxd7 Qxd7 20. Bf1 a6 21. Bc4 Bxc4
22. R1xc4 Rad8 23. a4 Rf6 24. Qe2 Ra8 25. Kg2 Rh6 26. Kg1 Rd6
27. h4 Rd5 28. Kg2 Rd8 29. b5 axb5 30. axb5 cxb5 31. Rxd5 Qxd5
32. Rc5 Qf7 33. Qxb5 Rf8 34. Qb6 Qh5 35. Rc7 Qf3+ 36. Kg1 Qd1+
37. Kh2 Qf3 38. Qb3+ Kh8 39. Qc2 h6 40. d5 b5 41. d6 Kh7
42. Qb2 Rg8 43. Rf7 Kg6 44. Re7 Qd1 45. d7 Kh7 46. Qxb5 Qf3
47. Qb2 Qd1 48. Qe5 Qf3 49. Qf4 Qxf4 50. gxf4 Rd8 51. h5 1-0

[Event "Bundesliga 2011/12"]
[Site "Hamburg GER"]
[Date "2012.03.17"]
[EventDate "2011.10.14"]
[Round "12"]
[Result "1/2-1/2"]
[White "Maxime Vachier-Lagrave"]
[Black "Radoslaw Wojtaszek"]
[WhiteElo "2715"]
[BlackElo "2704"]
[PlyCount "73"]

1. d4 Nf6 2. c4 e6 3. Nc3 Bb4 4. e3 O-O 5. Bd3 b6 6. Ne2 d5
7. O-O dxc4 8. Bxc4 Bb7 9. a3 Bd6 10. Ng3 c5 11. dxc5 Bxc5
12. b4 Qxd1 13. Rxd1 Be7 14. Bb2 Nbd7 15. Nce4 Rfd8 16. Nd6
Bd5 17. Ndf5 Bxc4 18. Nxe7+ Kf8 19. Nc6 Rdc8 20. Ne5 Nxe5
21. Bxe5 Ne8 22. Ne4 f6 23. Bb2 Ke7 24. a4 Bb3 25. Rd2 Rc4
26. f3 Rc2 27. a5 Rxd2 28. Nxd2 Bd5 29. e4 Bb7 30. Bd4 e5
31. Be3 bxa5 32. b5 Nd6 33. Rxa5 a6 34. Bc5 axb5 35. Rxb5 Bc6
36. Rb3 Ke6 37. Ra3 1/2-1/2

[Event "French Team Championship"]
[Site "Belfort FRA"]
[Date "2012.06.01"]
[EventDate "2012.05.31"]
[Round "2.2"]
[Result "0-1"]
[White "Kamil Miton"]
[Black "Maxime Vachier-Lagrave"]
[WhiteElo "2622"]
[BlackElo "2680"]
[PlyCount "138"]

1. d4 Nf6 2. c4 g6 3. Nc3 d5 4. Nf3 Bg7 5. Qb3 dxc4 6. Qxc4
O-O 7. e4 Nc6 8. Be2 e5 9. d5 Nd4 10. Nxd4 exd4 11. Qxd4 c6
12. Qc4 b5 13. Qxc6 Bd7 14. Qd6 Re8 15. Bg5 b4 16. Qxb4 Nxd5
17. Nxd5 Qxg5 18. O-O Rab8 19. Qd6 Bh3 20. Qg3 Qxg3 21. hxg3
Rxb2 22. Bd1 Bd7 23. Bb3 Rxe4 24. Rab1 Kf8 25. Rxb2 Bxb2
26. Rd1 Rd4 27. Rxd4 Bxd4 28. Kf1 h5 29. Bc4 Ke8 30. Nf4 Ke7
31. Ke2 Be8 32. f3 Be5 33. Ke3 a5 34. g4 hxg4 35. fxg4 g5
36. Nd3 Bd6 37. Bd5 Bd7 38. Kf3 f6 39. Nb2 a4 40. Nd3 a3
41. Nf2 Ba4 42. Ke2 Bb5+ 43. Kf3 Be5 44. Ne4 Ba4 45. Ke2 Bd7
46. Kf3 Bc8 47. Nc5 Bd4 48. Ne4 Bb6 49. Kg3 Ba5 50. Kf3 Bc7
51. Bb3 Bb7 52. Ke3 Bb6+ 53. Kf3 Bd4 54. Bc4 Kf8 55. Bb3 Kg7
56. Bc4 Kg6 57. Be6 Bc6 58. Bf5+ Kf7 59. Ke2 Bd5 60. Kd3 Be5
61. Nc3 Bxc3 62. Kxc3 Bxa2 63. Kb4 Bd5 64. Kxa3 Bxg2 65. Kb4
Bd5 66. Kc5 Be6 67. Kd4 Bxf5 68. gxf5 Kg7 69. Ke4 Kh6 0-1

[Event "French Team Championship"]
[Site "Belfort FRA"]
[Date "2012.06.02"]
[EventDate "?"]
[Round "3"]
[Result "1/2-1/2"]
[White "Kevin Terrieux"]
[Black "Maxime Vachier-Lagrave"]
[WhiteElo "2372"]
[BlackElo "2680"]
[PlyCount "71"]

1. d4 Nf6 2. c4 g6 3. Nf3 Bg7 4. g3 O-O 5. Bg2 Nc6 6. O-O d6
7. Nc3 Bf5 8. d5 Na5 9. Nh4 Bd7 10. Qd3 c5 11. b3 a6 12. Bb2
b5 13. Ne4 Rb8 14. Nxf6+ exf6 15. Bc3 f5 16. Bxg7 Kxg7
17. Qc3+ Kg8 18. cxb5 axb5 19. b4 cxb4 20. Qxb4 Qb6 21. Nf3
Rfc8 22. Qh4 Rc4 23. Qh6 f6 24. Rfd1 Nb7 25. Nh4 Be8 26. Bh3
Qc7 27. Nf3 Nd8 28. Nd4 Nf7 29. Qd2 Ra8 30. Qb2 Qa5 31. Nc6
Qa3 32. Qxf6 Qc3 33. Qxc3 Rxc3 34. Bf1 Ne5 35. Nxe5 dxe5
36. Rd2 1/2-1/2

[Event "Grand Prix FFE Aix"]
[Site "Aix les Bains FRA"]
[Date "2012.07.21"]
[EventDate "2012.07.21"]
[Round "1.1"]
[Result "0-1"]
[White "Selvan Gautier"]
[Black "Maxime Vachier-Lagrave"]
[WhiteElo "1944"]
[BlackElo "2686"]
[PlyCount "90"]

1. e4 c5 2. d4 cxd4 3. c3 Nf6 4. e5 Nd5 5. Nf3 Nc6 6. Bc4 Nb6
7. Bb3 d5 8. exd6 e6 9. Nxd4 Nxd4 10. Qxd4 Qxd6 11. Be3 Qxd4
12. Bxd4 Bd7 13. Nd2 Bc6 14. f3 Nd7 15. Nc4 a5 16. Ne5 Nxe5
17. Bxe5 a4 18. Bc4 Ra5 19. Bd4 Bc5 20. Bf2 Bxf2+ 21. Kxf2 Rc5
22. Be2 a3 23. b4 Rxc3 24. Rac1 Rxc1 25. Rxc1 Kd7 26. Bc4 Ra8
27. b5 Bd5 28. Bxd5 exd5 29. Rc3 Kd6 30. Ke3 Ra5 31. g3 Rxb5
32. Rxa3 Rb6 33. Ra8 Rb2 34. Rb8 Ke5 35. f4+ Kf5 36. a4 Rb4
37. a5 h5 38. Kd3 Rb5 39. Kd4 f6 40. Rg8 g6 41. Rb8 Rxa5
42. Rxb7 Ra2 43. Rb5 Rxh2 44. Rxd5+ Kg4 45. Rd6 Rd2+ 0-1

[Event "Grand Prix FFE Aix"]
[Site "Aix les Bains FRA"]
[Date "2012.07.21"]
[EventDate "2012.07.21"]
[Round "2.1"]
[Result "1-0"]
[White "Maxime Vachier-Lagrave"]
[Black "Julien Dubreuil"]
[WhiteElo "2686"]
[BlackElo "2237"]
[PlyCount "73"]

1. e4 c5 2. Nf3 Nc6 3. Bb5 e6 4. O-O Nge7 5. c3 a6 6. Ba4 b5
7. Bc2 d5 8. a4 b4 9. Qe2 b3 10. Bxb3 dxe4 11. Qxe4 Bb7
12. Qe2 Nd5 13. d4 cxd4 14. Rd1 Be7 15. Nxd4 Qb6 16. a5 Nxd4
17. Ba4+ Kf8 18. Rxd4 Qxa5 19. Nd2 Qc7 20. Ne4 Rd8 21. Bd2 Nb6
22. Rxd8+ Qxd8 23. Bc2 f5 24. Ng3 Qd5 25. f3 Nc4 26. Bc1 h5
27. Bb3 h4 28. Bxc4 Bc5+ 29. Be3 Bxe3+ 30. Qxe3 Qxc4 31. Rd1
Bd5 32. Nxf5 exf5 33. Qe5 Rh6 34. Rxd5 Qc8 35. Qd4 Qc6
36. Rxf5+ Kg8 37. Rg5 1-0

[Event "Grand Prix FFE Aix"]
[Site "Aix les Bains FRA"]
[Date "2012.07.21"]
[EventDate "2012.07.21"]
[Round "3.1"]
[Result "0-1"]
[White "Murtez Ondozi"]
[Black "Maxime Vachier-Lagrave"]
[WhiteElo "2385"]
[BlackElo "2686"]
[PlyCount "110"]

1. d4 Nf6 2. c4 g6 3. Nf3 Bg7 4. g3 O-O 5. Bg2 c6 6. O-O d6
7. Nc3 Qa5 8. e4 e5 9. dxe5 dxe5 10. Qc2 Be6 11. b3 Na6
12. Bb2 Rfd8 13. Rfd1 Nd7 14. a3 Qc7 15. Ng5 Nf8 16. Nxe6 Nxe6
17. Ne2 Qe7 18. b4 Nac7 19. Rxd8+ Rxd8 20. Rd1 a5 21. Bc3 Nd4
22. Nxd4 exd4 23. Be1 axb4 24. axb4 c5 25. bxc5 Na6 26. f4
Qxc5 27. Qd3 Nc7 28. e5 b5 29. cxb5 Nxb5 30. Bf2 Bf8 31. Bf1
Nc3 32. Ra1 Qc7 33. h4 Qb7 34. Rc1 Ne4 35. Bg2 Nxf2 36. Kxf2
Qb2+ 37. Rc2 Qa1 38. Kf3 Ra8 39. Kg4 Ra3 40. Qd2 Re3 41. Kh3
Qa3 42. Qf2 Qd3 43. Rd2 Qc3 44. Rc2 Qd3 45. Rd2 Qf5+ 46. Kh2
Bc5 47. Rc2 Bb4 48. Re2 Qd3 49. Rxe3 dxe3 50. Qf3 Qd2 51. Qa8+
Kg7 52. e6 e2 53. Qb7 e1=Q 54. Qxf7+ Kh6 55. Qf6 Qee2 0-1

[Event "Grand Prix FFE Aix"]
[Site "Aix les Bains FRA"]
[Date "2012.07.21"]
[EventDate "2012.07.21"]
[Round "4.1"]
[Result "1/2-1/2"]
[White "Maxime Vachier-Lagrave"]
[Black "Alojzije Jankovic"]
[WhiteElo "2686"]
[BlackElo "2543"]
[PlyCount "102"]

1. d4 Nf6 2. c4 g6 3. Nc3 Bg7 4. g3 c6 5. Nf3 d5 6. cxd5 cxd5
7. Ne5 O-O 8. Bg2 e6 9. O-O Bd7 10. Bf4 Qb6 11. Qd2 Bc6
12. Rfc1 Nfd7 13. Nf3 Nf6 14. Ne5 Nfd7 15. Nxc6 Nxc6 16. e3
Rfc8 17. h4 a6 18. Bh3 Qd8 19. Qd1 Nb6 20. Bg5 Qd6 21. h5 Nc4
22. hxg6 hxg6 23. Ne4 dxe4 24. Rxc4 Nb4 25. Bf4 Qb6 26. Rac1
Rxc4 27. Rxc4 Nd5 28. Qc2 f5 29. Bf1 Qd8 30. Qb3 Qd7 31. Rc5
Bf8 32. Rc1 Rc8 33. Rxc8 Qxc8 34. Bc4 Qc6 35. a4 Kf7 36. Kg2
Nb6 37. Be2 Nxa4 38. g4 Nb6 39. gxf5 gxf5 40. Bh5+ Kg8 41. Qd1
Nd5 42. Be5 Bg7 43. Qg1 Bxe5 44. dxe5 Qc7 45. Qh2 Qg7+ 46. Kf1
Qg5 47. Qh3 Qg7 48. Qh4 Qe7 49. Qg3+ Qg7 50. Qh4 Qe7 51. Qg3+
Qg7 1/2-1/2

[Event "Grand Prix FFE Aix"]
[Site "Aix les Bains FRA"]
[Date "2012.07.21"]
[EventDate "2012.07.21"]
[Round "5.3"]
[Result "0-1"]
[White "Jean-Pierre Le Roux"]
[Black "Maxime Vachier-Lagrave"]
[WhiteElo "2559"]
[BlackElo "2686"]
[PlyCount "68"]

1. d4 Nf6 2. Nf3 g6 3. g3 Bg7 4. Bg2 d5 5. O-O O-O 6. c4 dxc4
7. Na3 c3 8. bxc3 c5 9. Ne5 Nc6 10. Nac4 Nd5 11. Bb2 Be6
12. e4 Nxe5 13. Nxe5 Nb6 14. f4 Nc4 15. Qe2 cxd4 16. cxd4 Rc8
17. d5 Qb6+ 18. Rf2 Bxe5 19. fxe5 Bg4 20. Qxg4 Nxb2 21. Qe2
Nc4 22. e6 fxe6 23. Bh3 Rxf2 24. Qxf2 Qxf2+ 25. Kxf2 Rf8+
26. Ke2 exd5 27. Be6+ Kg7 28. Bxd5 Rc8 29. Rc1 b5 30. a4 Nd6
31. Ra1 b4 32. a5 Kf6 33. Rb1 Rb8 34. a6 Ke5 0-1

[Event "Grand Prix FFE Aix"]
[Site "Aix les Bains FRA"]
[Date "2012.07.21"]
[EventDate "2012.07.21"]
[Round "6.2"]
[Result "0-1"]
[White "Maxime Vachier-Lagrave"]
[Black "Evgeny Postny"]
[WhiteElo "2686"]
[BlackElo "2653"]
[PlyCount "84"]

1. c4 e5 2. Nc3 Nf6 3. Nf3 Nc6 4. g3 Bb4 5. Nd5 Bc5 6. Bg2 O-O
7. d3 h6 8. O-O d6 9. e3 a5 10. Bd2 Nxd5 11. cxd5 Ne7 12. Rc1
Bb6 13. Ne1 Bd7 14. Nc2 c6 15. dxc6 Bxc6 16. Na3 Bxg2 17. Kxg2
d5 18. Qb3 Qd6 19. Nb5 Qd7 20. Nc3 Ra6 21. Na4 Ba7 22. Nc5
Bxc5 23. Rxc5 a4 24. Qb5 Qe6 25. Bc3 Nf5 26. Rc1 Nd6 27. Qb4
Re8 28. h3 h5 29. Qh4 b6 30. Rc7 Nb5 31. Bb4 Nxc7 32. Rxc7 Qg6
33. Rd7 d4 34. e4 b5 35. Rd5 Rf6 36. Rxb5 Rf4 37. Rxe5 Rxh4
38. Rxe8+ Kh7 39. Kh2 Qf6 40. Be1 Qc6 41. Re7 Qc1 42. Ba5
Rxh3+ 0-1

[Event "45th Biel Masters Open"]
[Site "Biel SUI"]
[Date "2012.07.23"]
[EventDate "2012.07.23"]
[Round "1"]
[Result "0-1"]
[White "Francois Brethes"]
[Black "Maxime Vachier-Lagrave"]
[WhiteElo "2254"]
[BlackElo "2686"]
[PlyCount "58"]

1. d4 Nf6 2. c4 g6 3. Nf3 Bg7 4. g3 O-O 5. Bg2 d6 6. O-O Nc6
7. Nc3 Bf5 8. Re1 Ne4 9. Nh4 Nxc3 10. bxc3 Bd7 11. Rb1 Rb8
12. Ba3 b6 13. Qc2 Na5 14. c5 Nc4 15. Bc1 bxc5 16. Rxb8 Qxb8
17. dxc5 Qb5 18. cxd6 cxd6 19. Nf3 Rb8 20. Nd4 Qa5 21. Qd3 Rc8
22. f4 e5 23. Nb3 Qxa2 24. Nd2 exf4 25. Bd5 Be6 26. Nxc4 Bxd5
27. Nxd6 Rxc3 28. Qb5 Bd4+ 29. Kf1 Rf3+ 0-1

[Event "45th Biel Masters Open"]
[Site "Biel SUI"]
[Date "2012.07.24"]
[EventDate "2012.07.23"]
[Round "2"]
[Result "1-0"]
[White "Maxime Vachier-Lagrave"]
[Black "Gerlef Meins"]
[WhiteElo "2686"]
[BlackElo "2475"]
[PlyCount "29"]

1. c4 Nf6 2. Nc3 e5 3. Nf3 Nc6 4. g3 Bb4 5. Nd5 e4 6. Nh4 O-O
7. Bg2 Re8 8. O-O Bc5 9. e3 g5 10. Nf5 d6 11. Nfe7+ Rxe7
12. Nxf6+ Kg7 13. Nxe4 Bf5 14. d3 Re6 15. Nc3 1-0

[Event "45th Biel Masters Open"]
[Site "Biel SUI"]
[Date "2012.07.25"]
[EventDate "2012.07.23"]
[Round "3"]
[Result "1/2-1/2"]
[White "Yannick Pelletier"]
[Black "Maxime Vachier-Lagrave"]
[WhiteElo "2599"]
[BlackElo "2686"]
[PlyCount "30"]

1. Nf3 Nf6 2. c4 c5 3. Nc3 Nc6 4. d4 cxd4 5. Nxd4 e6 6. Bf4 d5
7. cxd5 Nxd5 8. Nxc6 bxc6 9. Bd2 Rb8 10. e4 Nxc3 11. Bxc3 Qb6
12. Bc4 Bb4 13. O-O Bxc3 14. bxc3 Qc5 15. Qe2 O-O 1/2-1/2

[Event "45th Biel Masters Open"]
[Site "Biel SUI"]
[Date "2012.07.30"]
[EventDate "2012.07.23"]
[Round "7"]
[Result "0-1"]
[White "Mikhail Vitalyevich Ulibin"]
[Black "Maxime Vachier-Lagrave"]
[WhiteElo "2531"]
[BlackElo "2686"]
[PlyCount "52"]

1. e4 c5 2. Nf3 e6 3. c3 Nf6 4. e5 Nd5 5. d4 cxd4 6. cxd4 d6
7. a3 Nd7 8. Bd3 dxe5 9. dxe5 Nc5 10. Bc2 a5 11. O-O Bd7
12. Re1 Rc8 13. Bd2 Be7 14. Nc3 O-O 15. Nxd5 exd5 16. Nd4 Re8
17. Bc3 Ne4 18. Bxe4 dxe4 19. Rxe4 Bc5 20. Qd2 Bb6 21. Rae1
Rc4 22. h3 h6 23. Nb3 Rxe4 24. Rxe4 Bc6 25. Re1 Qh4 26. Bxa5
Qg3 0-1

[Event "45th Biel Masters Open"]
[Site "Biel SUI"]
[Date "2012.07.31"]
[EventDate "2012.07.23"]
[Round "8"]
[Result "1-0"]
[White "Maxime Vachier-Lagrave"]
[Black "Vladislav Vorotnikov"]
[WhiteElo "2686"]
[BlackElo "2446"]
[PlyCount "79"]

1. e4 e5 2. Nf3 Nc6 3. Bb5 a6 4. Ba4 d6 5. c3 Bd7 6. O-O g6
7. d4 Bg7 8. Re1 Nge7 9. Be3 b6 10. Na3 O-O 11. dxe5 dxe5
12. Qe2 h6 13. Rad1 Kh7 14. Bb3 Qe8 15. Bc4 Bc8 16. Nd2 Nd8
17. Nc2 Ne6 18. Nb4 Nf4 19. Bxf4 exf4 20. Nxa6 Ra7 21. Nb4 c6
22. e5 b5 23. Bd3 Nf5 24. Nf3 Kh8 25. a3 Re7 26. Be4 Bd7
27. Qd2 Bxe5 28. Bxc6 Bxc6 29. Nxc6 Qxc6 30. Rxe5 Rxe5
31. Nxe5 Qe4 32. Re1 Qa4 33. Qd5 Kg7 34. h3 Ne7 35. Qc5 Nf5
36. Nd7 Rd8 37. Qc7 Qa8 38. Qe5+ Kg8 39. Nf6+ Kg7 40. Ng4+ 1-0

[Event "45th Biel Masters Open"]
[Site "Biel SUI"]
[Date "2012.08.02"]
[EventDate "2012.07.23"]
[Round "10"]
[Result "1/2-1/2"]
[White "Evgeny Postny"]
[Black "Maxime Vachier-Lagrave"]
[WhiteElo "2653"]
[BlackElo "2686"]
[PlyCount "108"]

1. Nf3 c5 2. c4 Nc6 3. Nc3 Nf6 4. e3 e6 5. d4 d5 6. a3 cxd4
7. exd4 Be7 8. c5 Ne4 9. Qc2 f5 10. Bb5 Bf6 11. Bf4 O-O
12. Bxc6 bxc6 13. O-O Bd7 14. Be5 Be8 15. Bxf6 gxf6 16. Ne1
Qc7 17. f3 Nxc3 18. Qxc3 f4 19. Nd3 Bg6 20. Rae1 Rae8 21. Rf2
Re7 22. Rfe2 Rfe8 23. b4 a5 24. Kf2 axb4 25. axb4 Qb8 26. b5
Bxd3 27. Qxd3 Qxb5 28. Qxb5 cxb5 29. Rb1 Rb8 30. Ra2 Kf7
31. Ra6 e5 32. Rb6 Ra8 33. R6xb5 exd4 34. Rb7 Ra2+ 35. R7b2
Rxb2+ 36. Rxb2 d3 37. g3 d4 38. Rb4 Re2+ 39. Kf1 Rxh2 40. Rxd4
fxg3 41. Rxd3 h5 42. Rd4 h4 43. Kg1 h3 44. Rh4 Ke6 45. c6 Kd6
46. f4 Kxc6 47. f5 Kd5 48. Rg4 Rg2+ 49. Kh1 Rf2 50. Rxg3 Rxf5
51. Rxh3 Rg5 52. Ra3 f5 53. Ra5+ Kd4 54. Kh2 Ke3 1/2-1/2

[Event "French Championship"]
[Site "Pau FRA"]
[Date "2012.08.15"]
[EventDate "2012.08.13"]
[Round "3"]
[Result "1-0"]
[White "Maxime Vachier-Lagrave"]
[Black "Maxime Lagarde"]
[WhiteElo "2686"]
[BlackElo "2505"]
[PlyCount "53"]

1. c4 Nf6 2. Nc3 e6 3. e4 c5 4. Nf3 Nc6 5. Be2 e5 6. d3 h6
7. O-O g6 8. b4 Nxb4 9. Nxe5 d6 10. a3 dxe5 11. axb4 cxb4
12. Nd5 Nxd5 13. cxd5 Qb6 14. d4 exd4 15. Bf4 Bc5 16. e5 Bf5
17. Bc4 g5 18. Bg3 h5 19. e6 fxe6 20. dxe6 Ke7 21. Qf3 Raf8
22. Qd5 Qc6 23. Qe5 h4 24. Bd5 Qb5 25. Qc7+ Kf6 26. Be5+ Kg6
27. Bxh8 1-0

[Event "French Championship"]
[Site "Pau FRA"]
[Date "2012.08.17"]
[EventDate "2012.08.13"]
[Round "5"]
[Result "1/2-1/2"]
[White "Maxime Vachier-Lagrave"]
[Black "Vladislav Ivanovich Tkachiev"]
[WhiteElo "2686"]
[BlackElo "2644"]
[PlyCount "81"]

1. e4 e5 2. Nf3 Nc6 3. Bb5 a6 4. Ba4 Nf6 5. O-O Be7 6. Re1 b5
7. Bb3 O-O 8. h3 Bb7 9. d3 d6 10. a3 Re8 11. Nc3 Qd7 12. Nd5
Nxd5 13. exd5 Nd4 14. Nxd4 exd4 15. Bd2 Bf6 16. Qg4 Qxg4
17. hxg4 h6 18. Rxe8+ Rxe8 19. a4 Ra8 20. axb5 axb5 21. Rxa8+
Bxa8 22. Ba5 Bd8 23. c4 dxc3 24. bxc3 Kf8 25. c4 bxc4 26. dxc4
Ke7 27. Bc3 Kf8 28. Ba4 Bb7 29. f3 Bf6 30. Bxf6 gxf6 31. Kf2
Bc8 32. Bc2 Bd7 33. Be4 Ba4 34. Ke3 Ke7 35. Kd2 Bb3 36. Bd3
Kd8 37. Kc3 Bd1 38. Bc2 Be2 39. Bd3 Bd1 40. Bc2 Be2 41. Bd3
1/2-1/2

[Event "French Championship"]
[Site "Pau FRA"]
[Date "2012.08.18"]
[EventDate "2012.08.13"]
[Round "6"]
[Result "1-0"]
[White "Maxime Vachier-Lagrave"]
[Black "Jean-Baptiste Mullon"]
[WhiteElo "2686"]
[BlackElo "2404"]
[PlyCount "115"]

1. e4 c5 2. Nf3 e6 3. g3 Nc6 4. Bg2 Nf6 5. Qe2 d6 6. O-O Be7
7. c3 O-O 8. Rd1 Bd7 9. d4 cxd4 10. cxd4 d5 11. e5 Ne4 12. Be3
f6 13. exf6 Bxf6 14. Nbd2 Nxd2 15. Rxd2 Qe7 16. h3 g5 17. Re1
Qg7 18. Qd1 Be8 19. Ne5 Nxe5 20. dxe5 Bd8 21. Bc5 Rf7 22. Rc2
Rc7 23. Rc3 Bg6 24. Qg4 Bf5 25. Qa4 Qd7 26. Qxd7 Rxd7 27. Rec1
Kg7 28. Bf1 a6 29. Be2 Bc7 30. Re3 Re8 31. b4 Rf7 32. a4 Rd8
33. Bd4 Bb8 34. Kg2 Rc7 35. Rxc7+ Bxc7 36. Rc3 Rd7 37. b5 Ba5
38. Rc8 axb5 39. axb5 Rc7 40. Rxc7+ Bxc7 41. b6 Bd8 42. Bb5
Kf7 43. Bd7 Bd3 44. Bc8 Ba6 45. f4 gxf4 46. gxf4 Bh4 47. Kf3
Be1 48. f5 exf5 49. Bxf5 h5 50. e6+ Ke8 51. Kf4 Bb4 52. Kg5
Be2 53. Kf6 Be7+ 54. Kg7 Bf3 55. Bg6+ Kd8 56. Be5 Bg2 57. Bc7+
Kc8 58. Be8 1-0

[Event "French Championship"]
[Site "Pau FRA"]
[Date "2012.08.20"]
[EventDate "2012.08.13"]
[Round "7"]
[Result "1/2-1/2"]
[White "Romain Edouard"]
[Black "Maxime Vachier-Lagrave"]
[WhiteElo "2652"]
[BlackElo "2686"]
[PlyCount "63"]

1. d4 Nf6 2. c4 g6 3. Nc3 d5 4. cxd5 Nxd5 5. e4 Nxc3 6. bxc3
Bg7 7. Be3 c5 8. Nf3 Bg4 9. Rc1 O-O 10. Be2 Qa5 11. Qd2 e6
12. d5 exd5 13. exd5 c4 14. O-O Nd7 15. d6 Rad8 16. Bg5 Nf6
17. h3 Be6 18. Qd4 Nd5 19. Bxd8 Rxd8 20. Qh4 Bf6 21. Ng5 h5
22. Qg3 Nf4 23. Qxf4 Bxg5 24. Qd4 Bxc1 25. Rxc1 Qxa2 26. Qe5
Rd7 27. Bxh5 gxh5 28. Qg5+ Kf8 29. Qh6+ Kg8 30. Qg5+ Kf8
31. Qh6+ Kg8 32. Qg5+ 1/2-1/2

[Event "French Championship"]
[Site "Pau FRA"]
[Date "2012.08.21"]
[EventDate "2012.08.13"]
[Round "8"]
[Result "1-0"]
[White "Maxime Vachier-Lagrave"]
[Black "Anatoli Vaisser"]
[WhiteElo "2686"]
[BlackElo "2556"]
[PlyCount "125"]

1. c4 f5 2. Nc3 Nf6 3. d4 e6 4. Nf3 Bb4 5. Qb3 a5 6. g3 b6
7. Bg2 Bb7 8. O-O O-O 9. Bg5 h6 10. Bxf6 Rxf6 11. Rfd1 Kh8
12. d5 exd5 13. Nxd5 Bxd5 14. cxd5 Na6 15. a3 Bd6 16. Qc4 Nc5
17. b4 Nb7 18. Nd4 Be5 19. Rac1 axb4 20. axb4 Nd6 21. Qc2 Bxd4
22. Rxd4 Ra7 23. Rdd1 Rf8 24. Ra1 Rxa1 25. Rxa1 Qf6 26. Rf1
Ne8 27. Qc4 f4 28. Bf3 g6 29. Rc1 Kg7 30. Qd3 Qf5 31. Qd2 g5
32. d6 c5 33. bxc5 bxc5 34. Qc3+ Rf6 35. g4 Qe6 36. Rd1 Nxd6
37. Rd5 Nf7 38. Rxc5 d6 39. Rc7 h5 40. h4 Kh6 41. Bd5 Qxg4+
42. Kf1 Ne5 43. Be4 gxh4 44. Rh7+ Kg5 45. Rg7+ Ng6 46. Rh7 Ne5
47. Rg7+ Ng6 48. Bf3 Qf5 49. Qc7 h3 50. Kg1 Qb1+ 51. Kh2 Qf1
52. Qa7 Re6 53. Rh7 Rxe2 54. Rxh5+ Kf6 55. Qd4+ Re5 56. Qxd6+
Kg7 57. Qd7+ Kf6 58. Qd4 Qb5 59. Be4 Ke6 60. Rh6 Rg5 61. Bxg6
Rg2+ 62. Kxh3 Qg5 63. Bf5+ 1-0

[Event "French Championship"]
[Site "Pau FRA"]
[Date "2012.08.23"]
[EventDate "2012.08.13"]
[Round "10"]
[Result "1/2-1/2"]
[White "Maxime Vachier-Lagrave"]
[Black "Andrei Istratescu"]
[WhiteElo "2686"]
[BlackElo "2647"]
[PlyCount "57"]

1. c4 c5 2. Nf3 Nc6 3. Nc3 Nf6 4. d4 cxd4 5. Nxd4 g6 6. e4 d6
7. Nc2 Bg7 8. Be2 O-O 9. O-O Nd7 10. Bd2 a5 11. Na3 Nc5
12. Nab5 Na7 13. Nxa7 Rxa7 14. Re1 Bd7 15. Bf1 Bc6 16. Qc2 b6
17. Rad1 e6 18. Be3 Rd7 19. f3 Be5 20. Qf2 Bxc3 21. bxc3 e5
22. Rd2 Qe7 23. Rb1 Rb8 24. Rdb2 Rdb7 25. Qd2 f6 26. Rd1 Rd7
27. Rdb1 Rdb7 28. Rd1 Rd7 29. Rdb1 1/2-1/2

[Event "Chess Olympiad"]
[Site "Istanbul TUR"]
[Date "2012.08.28"]
[EventDate "2012.08.28"]
[Round "1.1"]
[Result "1-0"]
[White "Maxime Vachier-Lagrave"]
[Black "Robert Gwaze"]
[WhiteElo "2686"]
[BlackElo "2454"]
[PlyCount "83"]

1. e4 c5 2. Nf3 e6 3. g3 d5 4. exd5 exd5 5. d4 Nf6 6. Bg2 Be7
7. O-O O-O 8. Be3 cxd4 9. Nxd4 Nc6 10. Nc3 Bg4 11. Qd3 Qd7
12. Rfe1 Rfe8 13. a3 Rac8 14. Nxc6 bxc6 15. Bd4 Bf5 16. Qd2 h6
17. Rad1 Nh7 18. b4 Ng5 19. f4 Ne6 20. Bf2 d4 21. h3 c5 22. g4
Bh7 23. Nd5 Bf8 24. f5 Ng5 25. c4 Bxf5 26. gxf5 Qxf5 27. Rxe8
Rxe8 28. Qd3 Ne4 29. Qf3 Qd7 30. Re1 f5 31. Qh5 Kh7 32. Bf1
Re6 33. Qxf5+ Rg6+ 34. Qxg6+ Kxg6 35. Rxe4 Qa4 36. Rf4 Qxa3
37. Rxf8 Qc1 38. bxc5 d3 39. Nf4+ Kh7 40. Nxd3 Qxc4 41. Nf4
Qc1 42. c6 1-0

[Event "SPICE Cup"]
[Site "St Louis, MO USA"]
[Date "2012.10.13"]
[EventDate "2012.10.12"]
[Round "2"]
[Result "1/2-1/2"]
[White "Le Quang Liem"]
[Black "Maxime Vachier-Lagrave"]
[WhiteElo "2703"]
[BlackElo "2705"]
[PlyCount "159"]

1. c4 Nf6 2. Nc3 e5 3. Nf3 Nc6 4. g3 d5 5. cxd5 Nxd5 6. Bg2
Nb6 7. O-O Be7 8. a3 O-O 9. b4 Be6 10. Rb1 f6 11. d3 Nd4
12. Nd2 Nd5 13. Bb2 Nxc3 14. Bxc3 c6 15. Bxd4 Qxd4 16. Nb3 Qd7
17. Nc5 Bxc5 18. bxc5 Bd5 19. Bxd5+ cxd5 20. Rb4 Rac8 21. d4
Rf7 22. e3 exd4 23. exd4 f5 24. Qa4 Qxa4 25. Rxa4 b6 26. cxb6
axb6 27. Rb1 Rc4 28. Rxc4 dxc4 29. Rxb6 Rd7 30. Rb5 Rxd4
31. Rxf5 Rd3 32. Rc5 Rxa3 33. Rxc4 Kf7 34. Rc5 Ra7 35. Kg2 g6
36. g4 Kg7 37. Kg3 Ra3+ 38. f3 Ra7 39. h4 Rb7 40. h5 Ra7
41. Kh4 Rf7 42. Rc3 Kh6 43. Kg3 gxh5 44. Rc6+ Kg7 45. gxh5 Rf5
46. Kg4 Rb5 47. f4 Ra5 48. Re6 Rb5 49. Re5 Rb1 50. Re7+ Kf6
51. Rxh7 Rg1+ 52. Kf3 Rf1+ 53. Kg3 Rh1 54. Kg2 Rh4 55. Kf3 Kf5
56. Kg3 Rh1 57. Rh8 Kf6 58. Kg2 Rh4 59. Kg3 Rh1 60. Rf8+ Ke7
61. Rf5 Ke6 62. Ra5 Kf6 63. Ra6+ Kf5 64. Ra5+ Kf6 65. Ra6+ Kf5
66. h6 Rg1+ 67. Kf2 Rb1 68. Ra8 Kg6 69. Ra6+ Kf5 70. Ra8 Kg6
71. Rg8+ Kxh6 72. Kf3 Rb5 73. Kg4 Kh7 74. Rg5 Rxg5+ 75. Kxg5
Kg7 76. f5 Kf7 77. f6 Kf8 78. Kg6 Kg8 79. f7+ Kf8 80. Kf6
1/2-1/2

[Event "SPICE Cup"]
[Site "St Louis USA"]
[Date "2012.10.17"]
[EventDate "2012.10.12"]
[Round "6"]
[Result "1/2-1/2"]
[White "Maxime Vachier-Lagrave"]
[Black "Csaba Balogh"]
[WhiteElo "2705"]
[BlackElo "2664"]
[PlyCount "71"]

1. c4 Nf6 2. Nc3 e5 3. Nf3 Nc6 4. g3 Bc5 5. Bg2 d6 6. O-O O-O
7. e3 a6 8. d4 Ba7 9. h3 Re8 10. b3 h6 11. dxe5 dxe5 12. Bb2
Bf5 13. Nd5 Be4 14. Nh4 Bxg2 15. Kxg2 Nxd5 16. cxd5 Ne7 17. e4
Qd6 18. f4 Ng6 19. Nxg6 Qxg6 20. Qd3 c6 21. f5 Qf6 22. dxc6
Rad8 23. Qe2 Qxc6 24. Rfd1 Bd4 25. Rac1 Qb6 26. Bc3 Bxc3
27. Rxc3 Rxd1 28. Qxd1 Qa5 29. Qc2 Rd8 30. Rc8 Rxc8 31. Qxc8+
Kh7 32. Qxb7 Qd2+ 33. Kf3 Qd3+ 34. Kf2 Qd2+ 35. Kf3 Qd3+
36. Kf2 1/2-1/2